[Event "Montcalm I 2005-06"]
[Site "Quebec CAN"]
[Date "2005.10.06"]
[Round "5"]
[White "Caron, Sebastien"]
[Black "Dorion, Francois"]
[Result "0-1"]
[WhiteElo "1827"]
[BlackElo "1699"]
[PlyCount "76"]
[GameId "2160767910900290"]
[EventDate "2005.09.08"]
[EventType "swiss"]
[EventRounds "5"]
[EventCountry "CAN"]

1. e4 e5 2. Nf3 d6 3. Bc4 Be7 4. h3 Nf6 5. Qe2 O-O 6. c3 c6 7. d3 Nbd7 8. Nbd2 d5 9. Bb3 Bd6 10. Nf1 a5 11. Bg5 a4 12. Bc2 Qb6 13. Rb1 c5 14. Ng3 h6 15. Bd2 d4 16. Nf5 Re8 17. Nxd6 Qxd6 18. O-O Nf8 19. Nh2 Ng6 20. Qd1 Bd7 21. cxd4 cxd4 22. Nf3 Bb5 23. Re1 Qa6 24. Bb4 Nf4 25. Nd2 Bxd3 26. g3 Bxc2 27. Qxc2 Nd3 28. Ba3 Nxe1 29. Rxe1 Rac8 30. Qd1 Qd3 31. Nf3 Qxd1 32. Rxd1 Rc2 33. Bd6 Nxe4 34. Bxe5 Nxf2 35. Rxd4 Nxh3+ 36. Kh1 f6 37. Bf4 Nxf4 38. Rxf4 Ree2 0-1

[Event "Montcalm I 2005-06"]
[Site "Quebec CAN"]
[Date "2005.10.06"]
[Round "5"]
[White "Cournoyer, Dominic"]
[Black "Gaspariants, Vladimir"]
[Result "0-1"]
[WhiteElo "1590"]
[BlackElo "2307"]
[PlyCount "68"]
[GameId "2160767910900291"]
[EventDate "2005.09.08"]
[EventType "swiss"]
[EventRounds "5"]
[EventCountry "CAN"]

1. d4 Nf6 2. Nc3 d5 3. Bf4 e6 4. e3 Bd6 5. Bg5 Be7 6. Bd3 h6 7. Bf4 O-O 8. Nge2 a6 9. Qd2 c5 10. dxc5 Nc6 11. Nd4 Bxc5 12. Nf3 b5 13. O-O Qe7 14. Ne5 Bb7 15. Nxc6 Bxc6 16. h3 e5 17. Bg3 b4 18. Nd1 Ne4 19. Bxe4 dxe4 20. c3 Rfd8 21. Qe2 bxc3 22. Nxc3 Bb4 23. a3 Ba5 24. b4 Bb6 25. Nb1 Rd7 26. Nd2 Rad8 27. Nc4 Bc7 28. Rfd1 Bb5 29. Rdc1 f5 30. Qh5 f4 31. exf4 exf4 32. Bh2 Bxc4 33. Rxc4 Qe5 34. Qe2 Qxa1+ 0-1

[Event "Montcalm I 2005-06"]
[Site "Quebec CAN"]
[Date "2005.10.06"]
[Round "5"]
[White "Cummins, Paul"]
[Black "Auger, Bertrand"]
[Result "1-0"]
[WhiteElo "1739"]
[BlackElo "2016"]
[PlyCount "87"]
[GameId "2160767910900292"]
[EventDate "2005.09.08"]
[EventType "swiss"]
[EventRounds "5"]
[EventCountry "CAN"]

1. d4 e6 2. e3 f5 3. f4 Nf6 4. Nf3 Be7 5. Bd3 b6 6. Nbd2 Bb7 7. Qe2 O-O 8. c3 Ne4 9. Nf1 c5 10. Bd2 Nc6 11. O-O-O Qc7 12. Kb1 a6 13. Bxe4 fxe4 14. Ng5 Nd8 15. Qh5 Bxg5 16. fxg5 g6 17. Qe2 e5 18. dxc5 bxc5 19. Ng3 c4 20. h4 Ne6 21. Qg4 Qc6 22. h5 Ng7 23. hxg6 Qe6 24. gxh7+ Kh8 25. Qh4 Nf5 26. Nxf5 Rxf5 27. g4 Rf7 28. Be1 Raf8 29. Bg3 d6 30. Qh2 Re8 31. Qh5 Ree7 32. g6 Rg7 33. Rhf1 Re8 34. Bh4 Qxg6 35. Bf6 Qxh5 36. gxh5 Kxh7 37. Bxg7 Kxg7 38. Rxd6 Bc8 39. Rff6 a5 40. h6+ Kh8 41. Rc6 Bg4 42. Rxc4 Be2 43. Rc7 a4 44. Rff7 1-0

[Event "Montcalm I 2005-06"]
[Site "Quebec CAN"]
[Date "2005.10.06"]
[Round "5"]
[White "Gagnon, Alain"]
[Black "Lapierre, Gaetan"]
[Result "1-0"]
[WhiteElo "1625"]
[BlackElo "1885"]
[PlyCount "51"]
[GameId "2160767910900293"]
[EventDate "2005.09.08"]
[EventType "swiss"]
[EventRounds "5"]
[EventCountry "CAN"]

1. d4 Nf6 2. c4 d6 3. Nc3 Nc6 4. e4 e5 5. d5 Nd4 6. Be3 c5 7. dxc6 bxc6 8. Bxd4 exd4 9. Qxd4 Be7 10. Qd2 Qa5 11. Bd3 O-O 12. Nge2 Rb8 13. O-O Ng4 14. Rab1 Qe5 15. Ng3 h5 16. f4 Qc5+ 17. Kh1 h4 18. Nf5 Bxf5 19. exf5 Ne3 20. Rfe1 Ng4 21. Ne4 Qxf5 22. Ng5 Qc5 23. h3 Nf2+ 24. Kh2 Bxg5 25. fxg5 Qd4 26. Bh7+ 1-0

[Event "Montcalm I 2005-06"]
[Site "Quebec CAN"]
[Date "2005.10.06"]
[Round "5"]
[White "Marquardt, Christian"]
[Black "Lessard, Claude"]
[Result "1-0"]
[WhiteElo "2071"]
[BlackElo "2025"]
[PlyCount "95"]
[GameId "2160767910900294"]
[EventDate "2005.09.08"]
[EventType "swiss"]
[EventRounds "5"]
[EventCountry "CAN"]

1. d4 Nf6 2. Nf3 g6 3. Bf4 d6 4. h3 c5 5. e3 Bg7 6. c3 cxd4 7. exd4 Qb6 8. Qb3 Qxb3 9. axb3 O-O 10. Bd3 Nd5 11. Bd2 Nc6 12. b4 e5 13. b5 Nd8 14. dxe5 dxe5 15. O-O Ne6 16. Re1 Rd8 17. Bc2 f6 18. Na3 Ndf4 19. Nc4 Bd7 20. Nd6 Bf8 21. Nxb7 Rdb8 22. Na5 Rxb5 23. Ba4 Rxa5 24. Bxd7 Rxa1 25. Rxa1 Nc5 26. Bb5 Kg7 27. Bxf4 exf4 28. Bc6 Rc8 29. Rxa7+ Kh6 30. Nd4 Nd3 31. b4 Bd6 32. Ra8 Rc7 33. Ra6 Re7 34. Nf3 Ne1 35. Kf1 Nxf3 36. Bxf3 Be5 37. Rc6 Ra7 38. Ke2 Ra2+ 39. Kd3 Rxf2 40. b5 Rb2 41. b6 Kg5 42. c4 Rb3+ 43. Ke4 Kh4 44. c5 Kg3 45. Rc8 Re3+ 46. Kd5 Rd3+ 47. Ke6 Bd4 48. b7 1-0

[Event "Montcalm I 2005-06"]
[Site "Quebec CAN"]
[Date "2005.10.06"]
[Round "5"]
[White "Perreault, Jacquelin"]
[Black "Dion, Jean-Francois"]
[Result "0-1"]
[WhiteElo "1755"]
[BlackElo "1975"]
[PlyCount "48"]
[GameId "2160767910900295"]
[EventDate "2005.09.08"]
[EventType "swiss"]
[EventRounds "5"]
[EventCountry "CAN"]

1. e4 d6 2. d4 Nf6 3. Nc3 g6 4. Bc4 Bg7 5. Qe2 Nc6 6. e5 Nxd4 7. exf6 Nxe2 8. fxg7 Rg8 9. Ngxe2 Rxg7 10. Bh6 Rg8 11. O-O-O c6 12. Rhe1 d5 13. Bb3 g5 14. Ne4 Qc7 15. Bxd5 cxd5 16. Rxd5 Be6 17. Rxg5 Rxg5 18. Bxg5 Bf5 19. Nd4 Bxe4 20. Rxe4 O-O-O 21. Nb5 Qc5 22. Bxe7 Qxb5 23. Bxd8 Kxd8 24. c4 Qg5+ 0-1

[Event "Montcalm I 2005-06"]
[Site "Quebec CAN"]
[Date "2005.10.06"]
[Round "5"]
[White "Valley, Michel"]
[Black "Sauve, Richard"]
[Result "0-1"]
[WhiteElo "2032"]
[BlackElo "1835"]
[PlyCount "78"]
[GameId "2160767910900296"]
[EventDate "2005.09.08"]
[EventType "swiss"]
[EventRounds "5"]
[EventCountry "CAN"]

1. d4 e6 2. c4 Nf6 3. Nc3 Bb4 4. Qc2 O-O 5. a3 Bxc3+ 6. Qxc3 b6 7. f3 d5 8. e3 Bb7 9. Bd3 dxc4 10. Bxc4 Nbd7 11. Ne2 c5 12. O-O Rc8 13. dxc5 Nxc5 14. b4 Ncd7 15. Qd4 e5 16. Qh4 e4 17. Bb3 exf3 18. gxf3 Ne5 19. Nd4 Ng6 20. Qf2 Qd7 21. Bb2 Qh3 22. Qg3 Qxg3+ 23. hxg3 Ne5 24. Nf5 Nxf3+ 25. Rxf3 Bxf3 26. Ne7+ Kh8 27. Rf1 Rc7 28. Rxf3 Rxe7 29. Rxf6 Rxe3 30. Rxf7 Rxf7 31. Bxf7 Rxg3+ 32. Kf2 Rh3 33. Ke1 h5 34. Bd5 Kh7 35. Kf2 Kh6 36. a4 Rd3 37. Bc1+ g5 38. Bb7 Rd4 39. Ba3 Rd2+ 0-1

[Event "Montcalm II 2005-06"]
[Site "Quebec CAN"]
[Date "2005.10.13"]
[Round "1"]
[White "Auger, Bertrand"]
[Black "Caire, Francois"]
[Result "1/2-1/2"]
[WhiteElo "1960"]
[BlackElo "2248"]
[PlyCount "79"]
[GameId "2160767910834357"]
[EventDate "2005.10.13"]
[EventType "tourn"]
[EventRounds "5"]
[EventCountry "CAN"]

1. Nf3 Nf6 2. g3 b6 3. Bg2 Bb7 4. O-O e6 5. c4 Be7 6. b3 O-O 7. Bb2 c5 8. d4 cxd4 9. Qxd4 Nc6 10. Qd2 Qc7 11. Nc3 a6 12. Rac1 Rad8 13. Nd5 exd5 14. cxd5 Qb8 15. dxc6 dxc6 16. Qc2 Nd5 17. Nd4 Bc5 18. Nf5 f6 19. e4 Nb4 20. Qc4+ Kh8 21. Ba3 a5 22. Rfd1 Ba6 23. Qe6 Qe5 24. Qxe5 fxe5 25. Bxb4 axb4 26. Bf1 Bxf1 27. Kxf1 Rxd1+ 28. Rxd1 g6 29. Nh4 Rxf2+ 30. Ke1 Rxh2 31. Rd7 Bf2+ 32. Kf1 Bxg3 33. Ng2 Rh1+ 34. Ke2 Rc1 35. Ne3 h5 36. Nc4 Bf4 37. Nd6 h4 38. Ne8 Kg8 39. Nf6+ Kf8 40. Nh7+ 1/2-1/2

[Event "Montcalm II 2005-06"]
[Site "Quebec CAN"]
[Date "2005.10.13"]
[Round "1"]
[White "Berube, Antoine"]
[Black "Lessard, Claude"]
[Result "1-0"]
[WhiteElo "2107"]
[BlackElo "2036"]
[PlyCount "69"]
[GameId "2160767910834358"]
[EventDate "2005.10.13"]
[EventType "tourn"]
[EventRounds "5"]
[EventCountry "CAN"]

1. e4 b6 2. d4 Bb7 3. Bd3 e6 4. Nf3 c5 5. c3 d5 6. e5 cxd4 7. cxd4 Bb4+ 8. Nbd2 Ne7 9. a3 Bxd2+ 10. Bxd2 Nbc6 11. Qe2 Ng6 12. h4 Nge7 13. Be3 Rc8 14. Ng5 Nf5 15. Bxf5 exf5 16. Qf3 Qd7 17. O-O h6 18. Nh3 Na5 19. Nf4 O-O 20. Nh5 Qe6 21. Ng3 Rc2 22. Nxf5 Kh7 23. Rac1 Rfc8 24. Nd6 Rxc1 25. Rxc1 Rxc1+ 26. Bxc1 f6 27. b4 fxe5 28. dxe5 Qxe5 29. Bf4 Qa1+ 30. Kh2 Qf6 31. Qd3+ Kh8 32. Bg3 Nc4 33. Nxb7 Qe6 34. Qf3 Qd7 35. Nd6 1-0

[Event "Montcalm II 2005-06"]
[Site "Quebec CAN"]
[Date "2005.10.13"]
[Round "1"]
[White "Caron, Sebastien"]
[Black "Cummins, Paul"]
[Result "0-1"]
[WhiteElo "1810"]
[BlackElo "1787"]
[PlyCount "92"]
[GameId "2160767910834359"]
[EventDate "2005.10.13"]
[EventType "tourn"]
[EventRounds "5"]
[EventCountry "CAN"]

1. d4 d5 2. Nc3 Nf6 3. Bg5 Nbd7 4. g3 c6 5. Bg2 Qb6 6. Rb1 e5 7. dxe5 Ng4 8. Nh3 h6 9. Bd2 Ndxe5 10. b3 Nf6 11. O-O Be7 12. Nf4 Bf5 13. Nd3 Ng6 14. Na4 Qc7 15. Nf4 O-O 16. f3 b5 17. Nxg6 Bxg6 18. Nb2 Qb6+ 19. Kh1 Rad8 20. Nd3 Bd6 21. Qe1 Qb8 22. Bb4 Bxd3 23. Bxd6 Qxd6 24. cxd3 d4 25. Rc1 Nd5 26. f4 Nc3 27. Rxc3 dxc3 28. Qxc3 c5 29. f5 f6 30. Qa5 a6 31. Bb7 Qe5 32. Be4 Rd6 33. Qc7 Rfd8 34. Kg2 Qb2 35. Rf4 Qxe2+ 36. Kh3 R6d7 37. Qxc5 Qxa2 38. Qb4 Rd4 39. Qe7 Qxb3 40. Bb7 Qxd3 41. Rxd4 Qxd4 42. Qe6+ Kh7 43. Qxa6 Qd1 44. Qxb5 Qh5+ 45. Kg2 Rd2+ 46. Kf1 Qd1# 0-1

[Event "Montcalm II 2005-06"]
[Site "Quebec CAN"]
[Date "2005.10.13"]
[Round "1"]
[White "Dorion, Francois"]
[Black "Filiatrault, Alexandre"]
[Result "1/2-1/2"]
[WhiteElo "1819"]
[BlackElo "1826"]
[PlyCount "81"]
[GameId "2160767910834360"]
[EventDate "2005.10.13"]
[EventType "tourn"]
[EventRounds "5"]
[EventCountry "CAN"]

1. e4 c5 2. Nc3 Nc6 3. f4 g6 4. Nf3 Bg7 5. Bc4 e6 6. O-O Nge7 7. f5 gxf5 8. d3 d5 9. exd5 exd5 10. Bb5 d4 11. Ne2 Bd7 12. Ng3 Ne5 13. Bxd7+ Qxd7 14. Nh5 Nxf3+ 15. Qxf3 Rg8 16. Bh6 Bh8 17. Bd2 O-O-O 18. b4 cxb4 19. Bxb4 Nd5 20. Bd2 Ne3 21. Rf2 Qd5 22. Qh3 Rg5 23. c3 Be5 24. cxd4 Rdg8 25. Bxe3 Bxd4 26. Rc1+ Kb8 27. Nf4 Qe5 28. Bxd4 Qxd4 29. Qf3 Rg4 30. Kf1 Ka8 31. Rb1 Rb8 32. h3 Rxf4 33. Qxf4 Qxd3+ 34. Kg1 Qxb1+ 35. Kh2 Re8 36. Qc7 a6 37. Qxf7 Re1 38. Qf8+ Ka7 39. Qc5+ Qb6 40. Qxf5 Qd6+ 41. g3 1/2-1/2

[Event "Montcalm II 2005-06"]
[Site "Quebec CAN"]
[Date "2005.10.13"]
[Round "1"]
[White "Marquis, Paul"]
[Black "Lemieux, Pierre"]
[Result "1-0"]
[WhiteElo "1856"]
[BlackElo "1899"]
[PlyCount "71"]
[GameId "2160767910834361"]
[EventDate "2005.10.13"]
[EventType "tourn"]
[EventRounds "5"]
[EventCountry "CAN"]

1. e4 e6 2. d4 d5 3. Nc3 Nf6 4. Bg5 Be7 5. e5 Nfd7 6. Bxe7 Qxe7 7. Qg4 g6 8. Nf3 a6 9. Bd3 c5 10. O-O cxd4 11. Ne2 Nc6 12. Qf4 Nc5 13. Nexd4 Nxd3 14. cxd3 h6 15. Nxc6 bxc6 16. Rfc1 Bb7 17. b4 a5 18. a3 g5 19. Qd4 O-O 20. Rab1 axb4 21. axb4 Rfc8 22. h4 gxh4 23. Rc5 Kh7 24. Nxh4 Qg5 25. Nf3 Qg6 26. Rbc1 Ra3 27. R5c3 Rg8 28. g3 Rxc3 29. Rxc3 Qh5 30. Kg2 Rg4 31. Qb6 Ba8 32. Ra3 Rg8 33. Ra7 d4 34. Qa5 Rg7 35. Rxa8 Qg4 36. Qd8 1-0

[Event "Montcalm II 2005-06"]
[Site "Quebec CAN"]
[Date "2005.10.13"]
[Round "1"]
[White "Perreault, Jacquelin"]
[Black "Moisan, Francois"]
[Result "1/2-1/2"]
[WhiteElo "1766"]
[BlackElo "1814"]
[PlyCount "74"]
[GameId "2160767910834362"]
[EventDate "2005.10.13"]
[EventType "tourn"]
[EventRounds "5"]
[EventCountry "CAN"]

1. e4 e5 2. Nf3 Nc6 3. Bb5 a6 4. Ba4 Nf6 5. O-O Be7 6. Re1 b5 7. Bb3 O-O 8. a4 b4 9. d4 d6 10. c3 a5 11. h3 h6 12. Nbd2 Re8 13. d5 Nb8 14. cxb4 axb4 15. Nc4 Nbd7 16. Bc2 Nf8 17. Be3 Bd7 18. b3 Ng6 19. Qd2 Qb8 20. Kh2 Nh5 21. g3 Kh7 22. Qe2 Nf6 23. Bd3 Qc8 24. Qf1 Rf8 25. Ncd2 Ng8 26. Rec1 f5 27. exf5 Bxf5 28. a5 Nf6 29. Bxf5 Qxf5 30. Qc4 e4 31. Nd4 Qxd5 32. Qxd5 Nxd5 33. Nxe4 Nxe3 34. fxe3 c5 35. Nc6 Ra6 36. Nxe7 Nxe7 37. Rd1 Rfa8 1/2-1/2

[Event "Montcalm II 2005-06"]
[Site "Quebec CAN"]
[Date "2005.10.13"]
[Round "1"]
[White "Sauve, Richard"]
[Black "Lapierre, Gaetan"]
[Result "1/2-1/2"]
[WhiteElo "1852"]
[BlackElo "1879"]
[PlyCount "91"]
[GameId "2160767910834363"]
[EventDate "2005.10.13"]
[EventType "tourn"]
[EventRounds "5"]
[EventCountry "CAN"]

1. d4 d6 2. c4 c5 3. d5 e5 4. e4 Nf6 5. Nc3 Be7 6. Bd3 O-O 7. Nf3 a6 8. Be3 Nbd7 9. O-O Rb8 10. Rb1 b5 11. cxb5 axb5 12. Nxb5 Nxe4 13. Na7 Nef6 14. Nc6 Qe8 15. Nxb8 Nxb8 16. Qb3 Na6 17. Bxa6 Bxa6 18. Rfe1 Qa8 19. Rbd1 Bb7 20. Bg5 Bxd5 21. Qc2 Qxa2 22. Ra1 Qb3 23. Qxb3 Bxb3 24. Ra7 Re8 25. Nh4 Be6 26. Rd1 h6 27. Bc1 e4 28. g3 d5 29. Ng2 d4 30. Bf4 Nd5 31. Bd2 g5 32. Rc1 Rb8 33. Rb1 c4 34. Bc1 c3 35. b3 Bf6 36. Ra2 Nb4 37. Re2 d3 38. Rxe4 d2 39. Bxd2 cxd2 40. Ne3 Rd8 41. Rxb4 Bc3 42. Ra4 Bd4 43. Nc4 Bc3 44. Ne3 Bd4 45. Nc4 Bc3 46. Ne3 1/2-1/2

[Event "Montcalm II 2005-06"]
[Site "Quebec CAN"]
[Date "2005.10.13"]
[Round "1"]
[White "Valley, Michel"]
[Black "Gaspariants, Vladimir"]
[Result "1/2-1/2"]
[WhiteElo "2021"]
[BlackElo "2254"]
[PlyCount "64"]
[GameId "2160767910834364"]
[EventDate "2005.10.13"]
[EventType "tourn"]
[EventRounds "5"]
[EventCountry "CAN"]

1. d4 Nf6 2. c4 d6 3. Nc3 Nbd7 4. Bg5 h6 5. Bh4 g5 6. Bg3 Nh5 7. e3 Nxg3 8. hxg3 Bg7 9. Qc2 c5 10. O-O-O a6 11. Nf3 Kf8 12. dxc5 dxc5 13. Nd2 b6 14. Nde4 Bb7 15. f4 gxf4 16. gxf4 Qc7 17. Be2 Nf6 18. Bf3 Nxe4 19. Bxe4 e6 20. Qd3 Bxe4 21. Qxe4 Rb8 22. Rd2 Bxc3 23. bxc3 Ke7 24. Rhd1 Rbd8 25. f5 Rxd2 26. Rxd2 Qg3 27. Rd1 Qf2 28. fxe6 fxe6 29. Qe5 Rf8 30. Rd2 Qf1+ 31. Kc2 Rf2 32. Qg7+ Ke8 1/2-1/2

[Event "Montcalm II 2005-06"]
[Site "Quebec CAN"]
[Date "2005.10.20"]
[Round "2"]
[White "Berube, Antoine"]
[Black "Auger, Bertrand"]
[Result "1/2-1/2"]
[WhiteElo "2107"]
[BlackElo "1960"]
[PlyCount "63"]
[GameId "2160767910834365"]
[EventDate "2005.10.13"]
[EventType "tourn"]
[EventRounds "5"]
[EventCountry "CAN"]

1. e4 e6 2. d4 d5 3. Nd2 Nf6 4. e5 Nfd7 5. Bd3 c5 6. c3 Nc6 7. Ne2 cxd4 8. cxd4 f6 9. exf6 Nxf6 10. O-O Bd6 11. Nf3 O-O 12. Bf4 Bxf4 13. Nxf4 Ne4 14. Nh5 g6 15. Ng3 Nxg3 16. hxg3 Qb6 17. Qa4 a6 18. Rfd1 Bd7 19. Qc2 Rxf3 20. gxf3 Nxd4 21. Qc1 Nxf3+ 22. Kg2 Rf8 23. Qe3 d4 24. Qe2 e5 25. Be4 Qe6 26. Bxf3 Rxf3 27. Rxd4 Bc6 28. Kg1 Rf6 29. Rd8+ Kg7 30. Rc1 Qe7 31. Qd2 Qe6 32. Qe2 1/2-1/2

[Event "Montcalm II 2005-06"]
[Site "Quebec CAN"]
[Date "2005.10.20"]
[Round "2"]
[White "Caire, Francois"]
[Black "Valley, Michel"]
[Result "1/2-1/2"]
[WhiteElo "2248"]
[BlackElo "2021"]
[PlyCount "43"]
[GameId "2160767910834366"]
[EventDate "2005.10.13"]
[EventType "tourn"]
[EventRounds "5"]
[EventCountry "CAN"]

1. e4 c5 2. c3 Nf6 3. e5 Nd5 4. d4 cxd4 5. cxd4 Nc6 6. Nc3 Nxc3 7. bxc3 d6 8. f4 e6 9. Nf3 Be7 10. Bd3 O-O 11. O-O b6 12. Qe2 Bb7 13. Bd2 Rc8 14. Rae1 dxe5 15. fxe5 Na5 16. Qf2 Bd5 17. Qg3 g6 18. Bh6 Rxc3 19. Bxf8 Qxf8 20. Bb1 Ra3 21. Rc1 Qd8 22. Qf4 1/2-1/2

[Event "Montcalm II 2005-06"]
[Site "Quebec CAN"]
[Date "2005.10.20"]
[Round "2"]
[White "Cummins, Paul"]
[Black "Filiatrault, Alexandre"]
[Result "1/2-1/2"]
[WhiteElo "1787"]
[BlackElo "1826"]
[PlyCount "75"]
[GameId "2160767910834367"]
[EventDate "2005.10.13"]
[EventType "tourn"]
[EventRounds "5"]
[EventCountry "CAN"]

1. d4 Nf6 2. Bg5 c5 3. Bxf6 gxf6 4. dxc5 Qa5+ 5. Qd2 Qxc5 6. Nc3 Bg7 7. b4 Qxb4 8. Rb1 Qc5 9. Rb5 Qc6 10. e3 f5 11. Rb3 O-O 12. Nf3 d6 13. Nd5 Qd7 14. Bb5 Nc6 15. O-O a6 16. Bxc6 bxc6 17. Nb6 Qa7 18. Nxa8 Qxa8 19. Rfb1 Be6 20. Ra3 c5 21. h3 Bd5 22. Ne1 Qc6 23. f3 Kh8 24. Nd3 e5 25. Ne1 Rg8 26. Rd1 Be6 27. Qxd6 Qb5 28. Qxa6 Qb2 29. Rad3 Bf6 30. Qa3 Qb5 31. Kh1 e4 32. R3d2 Qf1+ 33. Kh2 exf3 34. Nxf3 Rxg2+ 35. Rxg2 Qxf3 36. Qxc5 h5 37. Qf8+ Kh7 38. Qg8+ 1/2-1/2

[Event "Montcalm II 2005-06"]
[Site "Quebec CAN"]
[Date "2005.10.20"]
[Round "2"]
[White "Gagnon, Alain"]
[Black "Bourassa, Andre"]
[Result "1/2-1/2"]
[WhiteElo "1665"]
[BlackElo "1643"]
[PlyCount "36"]
[GameId "2160767910834368"]
[EventDate "2005.10.13"]
[EventType "tourn"]
[EventRounds "5"]
[EventCountry "CAN"]

1. d4 d5 2. c4 e6 3. Nc3 Nf6 4. Bg5 Be7 5. e3 O-O 6. Rc1 c6 7. Nf3 dxc4 8. Bxc4 Nd5 9. Bxe7 Qxe7 10. O-O b5 11. Nxd5 exd5 12. Bd3 f5 13. Ne5 Rf6 14. f4 g6 15. Rf3 Bb7 16. Rg3 Nd7 17. Qh5 Raf8 18. Qg5 Nxe5 1/2-1/2

[Event "Montcalm II 2005-06"]
[Site "Quebec CAN"]
[Date "2005.10.20"]
[Round "2"]
[White "Lapierre, Gaetan"]
[Black "Dion, Jean-Francois"]
[Result "1-0"]
[WhiteElo "1879"]
[BlackElo "1959"]
[PlyCount "83"]
[GameId "2160767910834369"]
[EventDate "2005.10.13"]
[EventType "tourn"]
[EventRounds "5"]
[EventCountry "CAN"]

1. c4 Nf6 2. Nc3 g6 3. g3 Bg7 4. Bg2 O-O 5. e4 d6 6. d4 e5 7. dxe5 dxe5 8. Qxd8 Rxd8 9. Nf3 Re8 10. O-O c6 11. h3 h6 12. Be3 Na6 13. a3 c5 14. Nd2 Bd7 15. f4 Bc6 16. f5 Rad8 17. Nd5 Bxd5 18. cxd5 g5 19. g4 Bf8 20. Rfc1 b6 21. Bf1 Nb8 22. Kf2 Rc8 23. Kf3 Red8 24. Rc2 a6 25. a4 Ne8 26. Nc4 Nd7 27. a5 b5 28. Nb6 Nxb6 29. axb6 Nd6 30. Rxa6 c4 31. Ra7 Rb8 32. Rc7 Rdc8 33. Rc6 Nb7 34. b3 Na5 35. Rxc8 Rxc8 36. bxc4 bxc4 37. Ra2 Nb7 38. Ra7 Nd6 39. Rc7 Rb8 40. Bxc4 Nb7 41. Ba6 Nd8 42. b7 1-0

[Event "Montcalm II 2005-06"]
[Site "Quebec CAN"]
[Date "2005.10.20"]
[Round "2"]
[White "Lemieux, Pierre"]
[Black "L'Heureux, Clement"]
[Result "0-1"]
[WhiteElo "1899"]
[BlackElo "1873"]
[PlyCount "116"]
[GameId "2160767910834370"]
[EventDate "2005.10.13"]
[EventType "tourn"]
[EventRounds "5"]
[EventCountry "CAN"]

1. d4 Nf6 2. Nf3 g6 3. Bf4 d6 4. e3 Bg7 5. h3 O-O 6. c3 c5 7. Bd3 cxd4 8. exd4 Nc6 9. O-O Nd5 10. Bg5 Qb6 11. Qd2 f6 12. Bh6 Be6 13. Bxg7 Kxg7 14. Re1 Bf7 15. Na3 Rac8 16. Nc4 Qc7 17. Ne3 Rfe8 18. Ng4 Qd8 19. Qh6+ Kh8 20. Nh4 Rg8 21. Qd2 Na5 22. Nh6 Rg7 23. Nxf7+ Rxf7 24. g3 Kg7 25. Rac1 Nc4 26. Qe2 b5 27. a4 a6 28. axb5 axb5 29. Ra1 Qd7 30. Kh2 e5 31. Be4 Qe6 32. Nf3 h6 33. Rad1 Nc7 34. Bd3 Ra8 35. d5 Qc8 36. Bxc4 bxc4 37. Qxc4 Qb7 38. b4 Nb5 39. Qd3 Ra3 40. Rc1 Rc7 41. Re4 Rcxc3 42. Rxc3 Rxc3 43. Qd1 Qa7 44. Kg2 Qa3 45. Qe2 Nc7 46. Rc4 Nxd5 47. Rxc3 Qxc3 48. Qb5 Ne7 49. Qd7 Kf7 50. b5 e4 51. Ng1 Qd2 52. Qa7 Ke6 53. h4 Nd5 54. Nh3 e3 55. Qa8 e2 56. Qc8+ Kf7 57. Qd7+ Ne7 58. Nf4 e1=Q 0-1

[Event "Montcalm II 2005-06"]
[Site "Quebec CAN"]
[Date "2005.10.20"]
[Round "2"]
[White "Lessard, Claude"]
[Black "Gaspariants, Vladimir"]
[Result "0-1"]
[WhiteElo "2036"]
[BlackElo "2254"]
[PlyCount "62"]
[GameId "2160767910834371"]
[EventDate "2005.10.13"]
[EventType "tourn"]
[EventRounds "5"]
[EventCountry "CAN"]

1. d4 Nf6 2. c4 e6 3. Nf3 Bb4+ 4. Nbd2 d5 5. e3 O-O 6. a3 Be7 7. Qc2 b6 8. cxd5 exd5 9. b4 Bb7 10. Bd3 Nbd7 11. Ne5 c5 12. bxc5 bxc5 13. Rb1 cxd4 14. exd4 Rc8 15. Qa4 Nxe5 16. dxe5 Nd7 17. Bf5 Nc5 18. Qg4 Ba6 19. Nf3 Nd3+ 20. Bxd3 Bxd3 21. Bh6 Qa5+ 22. Nd2 Bg6 23. h4 gxh6 24. h5 Rc4 25. Qg3 Bg5 26. O-O Qxd2 27. hxg6 hxg6 28. e6 fxe6 29. Rb8 Qf4 30. Rxf8+ Kxf8 31. Qb3 Rc1 0-1

[Event "Montcalm II 2005-06"]
[Site "Quebec CAN"]
[Date "2005.10.20"]
[Round "2"]
[White "Moisan, Francois"]
[Black "Dorion, Francois"]
[Result "1/2-1/2"]
[WhiteElo "1814"]
[BlackElo "1819"]
[PlyCount "28"]
[GameId "2160767910834372"]
[EventDate "2005.10.13"]
[EventType "tourn"]
[EventRounds "5"]
[EventCountry "CAN"]

1. e4 e5 2. Nf3 Nc6 3. Bb5 Nge7 4. O-O g6 5. d4 Bg7 6. c3 O-O 7. dxe5 Nxe5 8. Nxe5 Bxe5 9. Bh6 Bg7 10. Bxg7 Kxg7 11. Qd4+ f6 12. Nd2 c6 13. Bc4 d5 14. exd5 cxd5 1/2-1/2

[Event "Montcalm II 2005-06"]
[Site "Quebec CAN"]
[Date "2005.10.20"]
[Round "2"]
[White "Sauve, Richard"]
[Black "Marquis, Paul"]
[Result "0-1"]
[WhiteElo "1852"]
[BlackElo "1856"]
[PlyCount "80"]
[GameId "2160767910834373"]
[EventDate "2005.10.13"]
[EventType "tourn"]
[EventRounds "5"]
[EventCountry "CAN"]

1. d4 d5 2. c4 e6 3. Nc3 c5 4. cxd5 exd5 5. g3 Nc6 6. Nf3 Nf6 7. Bg2 Be7 8. O-O O-O 9. Bf4 a6 10. Rc1 c4 11. Ne5 Be6 12. Nxc6 bxc6 13. b3 cxb3 14. Qxb3 c5 15. Be5 cxd4 16. Bxd4 Rb8 17. Qc2 Rb4 18. Rfd1 Rc4 19. Qd3 Qc8 20. Rb1 Bf5 21. e4 dxe4 22. Qe3 Ng4 23. Qf4 Rd8 24. Ne2 Bd6 25. Qg5 f6 26. Qd2 e3 27. Bxe3 Bxb1 28. Bd5+ Kh8 29. Bxc4 Be4 30. Bb6 Ne5 31. Qxd6 Rxd6 32. Rxd6 Nd7 33. Nc3 Qxc4 34. Rxd7 h5 35. Nxe4 Qxe4 36. Rd1 h4 37. h3 hxg3 38. fxg3 Qe6 39. Bd4 Qxa2 40. h4 Qb3 0-1

[Event "Montcalm II 2005-06"]
[Site "Quebec CAN"]
[Date "2005.10.27"]
[Round "3"]
[White "Auger, Bertrand"]
[Black "Lessard, Claude"]
[Result "1-0"]
[WhiteElo "1960"]
[BlackElo "2036"]
[PlyCount "65"]
[GameId "2160767910834374"]
[EventDate "2005.10.13"]
[EventType "tourn"]
[EventRounds "5"]
[EventCountry "CAN"]

1. Nf3 c5 2. c4 d6 3. g3 e5 4. Nc3 Nc6 5. Bg2 Be6 6. d3 Qd7 7. Ng5 Be7 8. Nxe6 fxe6 9. O-O Nf6 10. e4 O-O 11. Ne2 Rad8 12. Bh3 Ne8 13. f4 exf4 14. Nxf4 Nc7 15. Bd2 Bg5 16. Qg4 Bxf4 17. gxf4 Rf6 18. f5 exf5 19. exf5 Ne5 20. Qg3 h6 21. Rae1 Re8 22. Bc3 b5 23. b3 b4 24. Bb2 a5 25. d4 cxd4 26. Bxd4 Na6 27. Rd1 Qc7 28. Qg2 Nc5 29. Qd5+ Kh8 30. Bf2 Nf7 31. Rfe1 Rxe1+ 32. Rxe1 Ng5 33. Re8+ 1-0